Ars nova and the renaissance: 1300-1540
Furkejuvvon:
| Váldodahkkit: | , |
|---|---|
| Materiálatiipa: | Girji |
| Giella: | eaŋgalasgiella |
| Almmustuhtton: |
Londres
Oxford University
1960
|
| Ráidu: | New Oxford History of Music, 3
|
| Fáttát: | |
| Fáddágilkorat: |
Lasit fáddágilkoriid
Eai fáddágilkorat, Lasit vuosttaš fáddágilkora!
|
MARC
| LEADER | 00000nam a2200000 a 4500 | ||
|---|---|---|---|
| 001 | UCN2451 | ||
| 003 | CL-VaPUC | ||
| 008 | 010518e19600000UK |||||||||||||||||eng|d | ||
| 082 | 0 | 4 | |a 780.903 |b HUG |2 21 |
| 100 | |a Hughes, Dom Anselm |e author |9 458360 | ||
| 700 | 0 | |a Abraham, Gerald |e author |9 458361 | |
| 245 | 1 | 0 | |a Ars nova and the renaissance: 1300-1540 |
| 300 | |a 565 p | ||
| 942 | |c BK | ||
| 945 | |d 20010518 00:00:00 |a crobeson | ||
| 260 | |a Londres |b Oxford University |c 1960 | ||
| 650 | 7 | |a MUSICA HISTORIA |2 CL-VaPUC |9 306301 | |
| 650 | 0 | |a Ars nova |9 458296 | |
| 650 | 0 | |a Música renacentista |9 391249 | |
| 650 | 0 | |a Música sacra |9 306656 | |
| 650 | 0 | |a Música popular |9 356085 | |
| 650 | 0 | |a Música vocal |9 306287 | |
| 650 | 0 | |a Música instrumental |9 375235 | |
| 583 | |a last modification |c 20010518 00:00:00 |k Rodrigo Vera | ||
| 490 | 0 | |a New Oxford History of Music, 3 | |
| 999 | |c 295552 |d 295550 | ||